शोभनाथ यादव के काव्य में आधुनिकता / (Record no. 40016)

MARC details
000 -LEADER
fixed length control field 01121nam a22002537a 4500
005 - DATE AND TIME OF LATEST TRANSACTION
control field 20100807121516.0
010 ## - LCCN (DPL NO)
LC control number HIN-90048
020 ## - INTERNATIONAL STANDARD BOOK NUMBER
Terms of availability 300.00
International Standard Book Number 9789380208046
035 ## - SYSTEM CONTROL NUMBER
System control number HN-62394
037 ## - SOURCE OF ACQUISITION
Source of stock number/acquisition DBAD / PUB
082 ## - DEWEY DECIMAL CLASSIFICATION NUMBER
Classification number 821.08
100 ## - MAIN ENTRY--PERSONAL NAME
Personal name अमित सिंह
245 ## - TITLE STATEMENT
Title शोभनाथ यादव के काव्य में आधुनिकता /
Statement of responsibility, etc अमित सिंह
246 ## - VARYING FORM OF TITLE
Title proper/short title Shabhnath Yadav ke Kavya Mein Aadhunikta
Remainder of title by Amit Singh
260 ## - PUBLICATION, DISTRIBUTION, ETC. (IMPRINT)
Place of publication, distribution, etc दिल्ली
Name of publisher, distributor, etc राही प्रकाशन
Date of publication, distribution, etc 2010
270 ## - ADDRESS
Address एल-45, गली नं.-5, करतार नगर
City दिल्ली
Postal code 110053
300 ## - PHYSICAL DESCRIPTION
Extent 159पृ
Dimensions 22सेमी (सजिल्द)
Other physical details सचित्र
500 ## - GENERAL NOTE
General note परिशिष्ट-II (संदर्भ सूची)
700 ## - ADDED ENTRY--PERSONAL NAME
9 (RLIN) 7228
700 ## - ADDED ENTRY--PERSONAL NAME
9 (RLIN) 7267
700 ## - ADDED ENTRY--PERSONAL NAME
9 (RLIN) 7698
942 ## - ADDED ENTRY ELEMENTS (KOHA)
Institution code [OBSOLETE] dpl
Item type Hindi Books
Call number prefix
Source of classification or shelving scheme Dewey Decimal Classification
Call number suffix अमित
Classification part 821.08
Holdings
Withdrawn status Lost status Not for loan Collection code Home library Current library Date acquired Source of acquisition Cost, normal purchase price Full call number Barcode Copy number Cost, replacement price Koha item type
    Not For Loan Non-fiction D.B.Act.Division D.B.Act.Division 07/08/2010 DBAD / PUB 300.00 821.08 अमित HN-62394 1 300.00 Hindi Books

© Delhi Public Library
Hit Counter
free hit counter